| 000 | 00463nam a2200181 a 4500 | ||
|---|---|---|---|
| 001 | 4324 | ||
| 003 | CO-ViMGA | ||
| 008 | 141112s2004 ck r 000 u spa d | ||
| 040 |
_aCO-ViMGA _bspa _cCO-ViMGA |
||
| 082 | 0 | 4 | _a616.026 S734 |
| 100 | 1 |
_aStein, Jay H _954939 |
|
| 245 | 1 | 0 |
_aMedicina interna : _bdiagnóstico y tratamiento |
| 250 | _a3a | ||
| 260 |
_aBogotá : _bPanAméricana, _c1995 |
||
| 300 | _a650 p | ||
| 650 | 1 | 4 | _aMEDICINA INTERNA |
| 942 |
_2ddc _cBK |
||
| 999 |
_c16337 _d16337 |
||